[Event "Washington Open Championship"]
[Site "Seattle, WA"]
[Date "2013.05.27"]
[Round "5"]
[White "O'Connell Sean (OR)"]
[Black "Hendricks David  (WA)"]
[Result "0-1"]
[WhiteElo "1764"]
[BlackElo "1721"]
[Annotator ""]
[Source ""]
[Remark "Premier"]

1.Nf3 Nf6 2.g3 c5 3.Bg2 d5 4.O-O Nc6 5.d3 e5 6.Nbd2 Be7 7.e4
O-O 8.Re1 d4 9.a4 Bg4 10.h3 ( 10.h3 Bh5 11.g4 Bg6 12.Nh4 Ne8
13.Nf5 Nc7 14.Nc4 Ne6 15.Nxe5 Nxe5 16.Nxe7+ Qxe7 17.f4 f6 18.f5
c4 19.fxg6 hxg6 20.dxc4 Nxc4 21.b3 Ne5 22.Ba3 Qc7 23.Bxf8 Rxf8
24.Qd2 g5 25.Rac1 Rc8 26.Kh1 Qb6 27.Qf2 Rc3 28.Red1 Qc5 29.Qd2
a6 30.Qf2 Kf7 31.Qd2 Re3 32.c4 Rxb3 33.Qa2 Rg3 34.Rb1 Nf4 35.Rxb7+
Kg6 36.Rd2 d3 37.Qb1 Qe3 38.Qc1 {0-1, Zamparo Sergio (BEL) 2112 - Lputian Smbat G (ARM) 2565, Antwerpen (Belgium) 1993}
) Bxf3 11.Qxf3 Qa5 12.Qd1 b5 13.Nb3 Qa6 14.axb5 Qxb5 15.f4 Rfd8
16.Nd2 Nd7 17.Nc4 a5 18.Qe2 f6 19.h4 a4 20.Bh3 Nf8 21.Qg4 Na5
22.Nxa5 Qxa5 23.Rf1 Qb4 24.fxe5 Qb6 25.Bh6 Ng6 26.exf6 Bxf6 27.Bc1
c4 28.Qe6+ Qxe6 29.Bxe6+ Kh8 30.Bxc4 Ne5 31.Bb5 Ng4 32.Rxa4 Rab8
33.Bc4 Ne3 34.Bxe3 dxe3 35.b3 Bc3 36.e5 {?} ( 36.Raa1 $16 ) e2
37.e6 Bd4+ 38.Kg2 exf1Q+ 39.Kxf1 Rf8+ 40.Ke1 Bf2+ 41.Kd2 Bxg3
42.d4 Bxh4 43.d5 Be7 44.Ra6 Rbd8 45.Ke3 g5 46.Ra1 h5 47.Rh1 h4
48.c3 Rf4 49.Kd3 Rdf8 50.Re1 g4 51.Bb5 g3 52.d6 Bxd6 53.Bc6 h3
54.e7 Bxe7 55.Rxe7 g2 0-1

[Event "Washington Open Championship"]
[Site "Seattle, WA"]
[Date "2013.05.27"]
[Round "5"]
[White "Bragg David  (WA)"]
[Black "Sinanan Joshua  (WA)"]
[Result "0-1"]
[WhiteElo "2212"]
[BlackElo "2236"]
[Annotator ""]
[Source ""]
[Remark "Open"]

1.e4 Nf6 2.e5 Nd5 3.d4 d6 4.c4 Nb6 5.f4 dxe5 6.fxe5 c5 7.d5 e6
8.Nc3 exd5 9.cxd5 c4 10.Nf3 Bb4 11.Bxc4 Bxc3+ 12.bxc3 Nxc4 13.Qa4+
Nd7 14.Qxc4 Nb6 15.Qd4 Qxd5 16.Ba3 Qxd4 17.cxd4 Nc4
( 17...Nc4 18.Bc1 Be6 19.O-O a6 20.Rb1 b6 21.a3 Rd8 22.Kf2 O-O
23.Ra1 f6 24.Re1 Rd5 25.Kg3 fxe5 26.dxe5 Rf5 27.Ra2 Rd3 28.Rc2
Nxe5 29.Bf4 Nxf3 30.gxf3 Bd5 31.Rf2 Rxa3 32.Re3 Ra1 33.Kg4 g6
34.Rg2 Ra4 {0-1, Kakoschke Dieter - Lehr Thomas, Ratzeburg (Germany) 1996}
) 18.Bb4 a5 19.Rc1 Nb2 20.Bd6 Nd3+ 21.Kd2 Nxc1 22.Rxc1 Be6 23.a3
Rc8 24.Rb1 Bd5 25.Rb5 Bc6 26.Rxa5 h5 27.Ne1 Rh6 28.Bb4 Rd8 29.Ke3
Rg6 30.g3 Rg4 31.Nc2 h4 32.gxh4 Rxh4 33.Bd6 Rh3+ 34.Kf4 Rd3 35.Bc7
Rc8 36.Bb6 Rf3+ 37.Kg4 Be4 38.Nb4 Rcc3 39.Ra8+ Ke7 40.d5 Bf5+
41.Kh5 Bc8 42.Nc6+ bxc6 43.d6+ Kd7 44.Ra7+ Ke6 45.Re7+ Kd5 46.d7
Bxd7 47.Rxd7+ Ke6 48.Rd2 Kf5 49.h4 Rxa3 50.Rg2 Rg3 51.Rf2+ Raf3
52.Rc2 Rg6 53.Be3 Rh6+ 54.Bxh6 g6# 0-1

[Event "Washington Open Championship"]
[Site "Seattle, WA"]
[Date "2013.05.27"]
[Round "5"]
[White "Pechisker Alfred  (CAN)"]
[Black "Rupel David  (WA)"]
[Result "1-0"]
[WhiteElo "2127"]
[BlackElo "2091"]
[Annotator ""]
[Source ""]
[Remark "Open"]

1.d4 Nf6 2.c4 e6 3.Nf3 Bb4+ 4.Nbd2 d5 5.e3 O-O 6.a3 Be7 7.b4
Ne4 8.Bd3 f5 9.O-O c6 10.Bb2 ( 10.Ne5 Nd7 11.Bb2 Bd6 12.f3 Nxd2
13.Qxd2 Nf6 14.Rac1 Bd7 15.Qf2 Be8 16.c5 Bc7 17.a4 Nd7 18.f4
Nf6 19.Qh4 Bxe5 20.dxe5 Ne4 {1/2-1/2, Salazar Hernan (CHI) 2285 - Kostjoerin Anatole 2200, Habana (Cuba) 1966}
) Bd7 11.Ne5 Be8 12.f3 Nxd2 13.Qxd2 Nd7 14.Qc2 Nxe5 15.dxe5 Rc8
16.e4 Bg6 17.exd5 cxd5 18.Qb3 Qb6+ 19.Kh1 dxc4 20.Bxc4 Bf7 21.Rac1
Rfd8 22.Rc2 Rc7 23.f4 Rcd7 24.h3 Rd1 25.Rc1 Rxc1 26.Bxc1 a6 27.Be3
Qc6 28.Rc1 b5 29.Be2 Qd7 30.Bf3 Rc8 31.Rd1 Qc7 32.Rd3 g5 33.Qb2
gxf4 34.Bxf4 a5 35.Qd2 Rd8 36.Rxd8+ Bxd8 37.Bc6 axb4 38.axb4
Qxc6 39.Qxd8+ Qe8 40.Qf6 Bg6 41.Bh6 Qf7 42.Qd8+ Qe8 43.Qg5 Qf7
44.h4 Kh8 45.Qd8+ 1-0

[Event "Washington Open Championship"]
[Site "Seattle, WA"]
[Date "2013.05.27"]
[Round "5"]
[White "Kelly Mack  (WA)"]
[Black "Yee Nathaniel  (WA)"]
[Result "1/2-1/2"]
[WhiteElo "1546"]
[BlackElo "1674"]
[Annotator ""]
[Source ""]
[Remark "Reserve"]

1.e4 c5 2.Nf3 Nc6 3.c3 d6 4.d4 cxd4 5.cxd4 g6 6.Nc3 Bg7 7.Be3
Bg4 8.Be2 Bxf3 9.Bxf3 Qb6 10.Nd5 Qd8 11.Qa4 e6 12.Nb4 Qb6 13.Nxc6
Qxc6 14.Qxc6+ bxc6 15.O-O Ne7 16.Rac1 Kd7 17.Rfd1 d5 18.Bf4 f5
19.e5 h5 20.Be2 Bh6 21.Bxh6 Rxh6 22.f4 Rb8 23.Rd2 Rhh8 24.a3
Rb6 25.b4 Ra8 26.Rc5 a6 27.Kf2 Ng8 28.Rdc2 Nh6 29.h3 Nf7 30.R2c3
Nd8 31.Rg3 Nb7 32.Rcc3 a5 33.Rxg6 axb4 34.axb4 Ra2 35.Rg7+ Kd8
36.Rcg3 Rxb4 37.Rh7 Kc8 38.Rg8+ Nd8 39.Rhh8 Rxd4 40.Rxd8+ Kc7
41.Rc8+ 1/2-1/2

[Event "Washington Open Championship"]
[Site "Seattle, WA"]
[Date "2013.05.27"]
[Round "5"]
[White "Nagase Toshihiro  (WA)"]
[Black "Allen Robert  (WA)"]
[Result "1-0"]
[WhiteElo "1795"]
[BlackElo "1700"]
[Annotator ""]
[Source ""]
[Remark "Open"]

1.d4 Nf6 2.c4 g6 3.Nc3 d5 4.e3 Bg7 5.Nf3 c6 6.Bd3 O-O 7.Ne5 Nbd7
8.f4 Nxe5 9.dxe5 Ne8 10.O-O f5 11.cxd5 cxd5 12.b3 Nc7 13.Ba3
Re8 14.Ne2 Bd7 15.Nd4 e6 16.Rc1 Bf8 17.Bxf8 Kxf8 18.Rf2 Na6 19.Bxa6
bxa6 20.Rfc2 Rc8 21.Rxc8 Bxc8 22.b4 Bd7 23.Rc5 Qb6 24.a3 Rb8
25.Qc2 Rb7 26.h3 Ke8 27.Kh2 Kd8 28.Qc3 Rc7 29.Nb3 Bb5 30.Rxc7
Qxc7 31.Nc5 Ke7 32.Qe1 Kf7 33.Qh4 Kg8 34.Nxe6 Qf7 35.Qd8+ 1-0

[Event "Washington Open Championship"]
[Site "Seattle, WA"]
[Date "2013.05.27"]
[Round "6"]
[White "Doknjas John  (CAN)"]
[Black "Truong Kenneth  (WA)"]
[Result "1-0"]
[WhiteElo "1940"]
[BlackElo "1815"]
[Annotator ""]
[Source ""]
[Remark "Open"]

1.d4 d5 2.c4 e6 3.Nc3 Nf6 4.Bg5 Nbd7 5.Nf3 c6 6.e3 Qa5 7.Bxf6
Nxf6 8.Nd2 Bd6 9.c5 Bb8 10.f4 O-O 11.Bd3 ( 11.Bd3 Qd8 12.O-O
e5 13.fxe5 Ng4 14.Qf3 Be6 15.h3 Nh6 16.Rf2 f6 17.Raf1 Rf7 18.Qh5
Qc7 19.Nf3 b6 20.Na4 b5 21.Nc3 a5 22.exf6 Qg3 23.Ne2 Qc7 24.Ne5
Ra7 25.fxg7 {1-0, Lipok Erik (GER) 2092 - Forstmaier Markus 1925, Germany 1997}
) Qc7 12.Nf3 a5 13.O-O b6 14.cxb6 Qxb6 15.Na4 Qa7 16.Rc1 Ba6
17.Rxc6 Bxd3 18.Qxd3 Qd7 19.Rfc1 Ba7 20.Ne5 Qd8 21.Ra6 Ne4 22.Nc3
Qc7 23.Rc6 Qb8 24.Nxe4 dxe4 25.Qc2 Qb4 26.Rc4 Qb5 27.b3 f6 28.Nc6
e5 29.Nxa7 Rxa7 30.Qxe4 exd4 31.Qe6+ Kh8 32.Rc8 1-0

[Event "Washington Open Championship"]
[Site "Seattle, WA"]
[Date "2013.05.27"]
[Round "6"]
[White "Nagase Toshihiro  (WA)"]
[Black "Herrera Robert (OR)"]
[Result "1/2-1/2"]
[WhiteElo "1795"]
[BlackElo "2068"]
[Annotator ""]
[Source ""]
[Remark "Open"]

1.d4 e6 2.c4 c5 3.d5 exd5 4.cxd5 d6 5.e4 g6 6.Nc3 Bg7 7.Bd3 a6
8.a4 Ne7 9.f4 O-O 10.f5 Re8 11.Nge2 c4 12.Bxc4 Nxf5 13.O-O Qb6+
14.Kh1 Ne3 15.Bxe3 Qxe3 16.Rf3 Qc5 17.Qd3 Nd7 18.b3 Ne5 19.Qe3
Nxf3 20.Qxc5 dxc5 21.gxf3 Bd7 22.Rd1 Rad8 23.a5 f5 24.Bd3 fxe4
25.fxe4 Be5 26.Rc1 Rf8 27.Kg2 Rc8 28.Nb1 Bb5 29.Rd1 Bxd3 30.Rxd3
c4 31.bxc4 Rxc4 32.Nd2 Rc2 33.Ng1 Bc3 34.Ngf3 Kf7 35.e5 Bxd2
36.Nxd2 Ke7 1/2-1/2

[Event "Washington Open Championship"]
[Site "Seattle, WA"]
[Date "2013.05.27"]
[Round "6"]
[White "Yeo Joey  (WA)"]
[Black "Tsemekhman Ilya   (WA)"]
[Result "1/2-1/2"]
[WhiteElo "1062"]
[BlackElo "1238"]
[Annotator ""]
[Source ""]
[Remark "Reserve"]

1.d4 Nf6 2.c4 e6 3.Nc3 Bb4 4.Bd2 O-O 5.Nf3 c6 6.Qc2 d5 7.Bg5
h6 8.Bh4 Nbd7 9.e3 Qa5 10.Bxf6 Nxf6 11.a3 Ne4 12.Rc1 Bxc3+ 13.bxc3
Qxa3 14.Ne5 Rb8 15.Bd3 f5 16.O-O Ng5 17.c5 Qa5 18.Ra1 Qc7 19.Rxa7
Nf7 20.f4 g5 21.Be2 Nxe5 22.fxe5 g4 23.Kh1 h5 24.h3 Qh7 25.Qd1
Kg7 26.h4 Qh6 27.Qd2 Kg8 28.Raa1 b5 29.cxb6 Rxb6 30.g3 Bd7 31.Bd3
Rfb8 32.Rfb1 Kh8 33.Rxb6 Rxb6 34.Ra8+ Kh7 35.Ra7 Qg7 36.Qa2 Kh6
37.Qa3 c5 38.dxc5 Rc6 39.Bb5 Qxe5 40.Rxd7 Qe4+ 41.Kh2 Qc2+ 42.Kh1
Qb1+ 43.Kg2 Qxb5 1/2-1/2

[Event "Washington Open Championship"]
[Site "Seattle, WA"]
[Date "2013.05.27"]
[Round "6"]
[White "Yu Justin  (WA)"]
[Black "Kelly Mack  (WA)"]
[Result "1-0"]
[WhiteElo "1684"]
[BlackElo "1546"]
[Annotator ""]
[Source ""]
[Remark "Reserve"]

1.e4 e5 2.Nf3 Nf6 3.Nc3 Nc6 4.Be2 Be7 5.O-O d6 6.d3 O-O 7.h3
h6 8.Be3 Nd7 9.Nd5 Nb6 10.Nxe7+ Qxe7 11.Qd2 f5 12.exf5 Bxf5 13.Rae1
Qf6 14.c3 e4 15.dxe4 Bxe4 16.Kh2 Ne5 17.Nxe5 Qxe5+ 18.g3 Qd5
19.Qxd5+ Bxd5 20.b3 Nd7 21.c4 Bf3 22.Bxf3 Rxf3 23.Kg2 Rf7 24.Bd4
Kf8 25.Re6 Nc5 26.Bxc5 dxc5 27.Rd1 Re8 28.Rxe8+ Kxe8 29.Rd5 b6
30.f4 Ke7 31.Kf3 Kf6 32.g4 Re7 33.Rd2 g6 34.h4 Kf7 35.h5 Kg7
36.hxg6 Kxg6 37.f5+ Kf6 38.Rh2 Kg7 39.Kf4 Re8 40.Rh3 Re7 41.Rd3
a5 42.a4 Kf7 43.Kf3 Kf6 44.Kf4 Kf7 45.g5 hxg5+ 46.Kxg5 c6 47.Rh3
Kg8 48.Kf6 Rd7 49.Ke6 Rd2 50.Ke7 b5 51.Rg3+ Kh7 52.Kf8 Rd8+ 53.Ke7
Rd2 54.f6 Re2+ 55.Kf8 Rf2 56.f7 Re2 57.Rh3+ Kg6 58.Kg8 1-0

[Event "Washington Open Championship"]
[Site "Seattle, WA"]
[Date "2013.05.27"]
[Round "6"]
[White "Campbell Tim  (WA)"]
[Black "Bashkansky Ethan  (WA)"]
[Result "0-1"]
[WhiteElo "1745"]
[BlackElo "1986"]
[Annotator ""]
[Source ""]
[Remark "Open"]

1.e4 d5 2.exd5 Nf6 3.Nf3 Nxd5 4.Nc3 Bg4 5.Bc4 e6 6.O-O Be7 7.Re1
c5 8.h3 Bh5 9.Bxd5 exd5 10.Re5 Bxf3 11.Qxf3 d4 12.Qxb7 Nd7 13.Nd5
Nxe5 14.Nc7+ Kd7 15.Nxa8+ Kd6 16.b4 {?!} ( 16.Qa6+ ) Qxa8 17.bxc5+
Ke6 18.Qb4 Qd5 19.Bb2 Bxc5 20.Qa5 d3 21.Qa6+ Qd6 22.Qa5 dxc2
23.Re1 f6 24.Qc3 Rc8 25.Kf1 Kd7 26.d4 Qxd4 27.Qxd4+ Bxd4 28.Bc1
Nd3 29.Re4 Be3 30.Bxe3 c1R+ 31.Bxc1 Rxc1+ 32.Ke2 Nxf2 33.Kxf2
Rc2+ 34.Kf3 Rxa2 35.Rh4 h6 36.Rg4 g5 37.h4 a5 38.hxg5 hxg5 39.Rd4+
Ke6 40.g4 Ra3+ 41.Ke4 Rg3 42.Rd1 Rxg4+ 43.Kf3 Rf4+ 44.Ke3 a4
45.Rb1 a3 46.Rb6+ Kf5 47.Ra6 Kg4 48.Ke2 Rf3 49.Ra8 f5 50.Ra7
Kg3 51.Ra5 g4 52.Ra8 f4 53.Ra7 Kg2 54.Kd2 a2 55.Kc2 g3 56.Kb2
Rf2+ 57.Ka1 f3 58.Rh7 Rb2 59.Rc7 f2 60.Rc2 Rb1+ 0-1

[Event "Washington Open Championship"]
[Site "Seattle, WA"]
[Date "2013.05.27"]
[Round "6"]
[White "Yu Jinsong  (WA)"]
[Black "Haining Breck  (WA)"]
[Result "1/2-1/2"]
[WhiteElo "1355"]
[BlackElo "1278"]
[Annotator ""]
[Source ""]
[Remark "Booster"]

1.e4 g6 2.d4 Bg7 3.Nf3 d6 4.Nc3 Nf6 5.Bg5 h6 6.Bxf6 Bxf6 7.Qd2
Nc6 ( 7...Nd7 8.Bc4 e5 9.dxe5 dxe5 10.O-O-O c6 11.h3 Qe7 12.Qe3
Nc5 13.a3 Ne6 14.Kb1 Bg7 15.Ne2 Nc5 16.Rd2 O-O 17.Rhd1 Ne6 18.g4
Rd8 19.Rxd8+ Nxd8 20.Qd2 Be6 21.Bxe6 Nxe6 22.Qb4 Nc5 23.Ng3 Re8
24.Qd2 Bf8 25.h4 Qf6 26.Qe2 Qf4 27.Ne1 Ne6 28.h5 Nd4 29.Qd2 Qxg4
30.hxg6 fxg6 31.Ng2 Rd8 32.Ne3 Qc8 33.Qa5 Bg7 34.Qxa7 Rf8 35.Rd2
h5 36.c3 h4 37.Ngf1 Nf3 38.Rd6 Kh7 39.Qa4 Ng5 40.Qc2 Qh3 41.Qd3
Rxf2 42.Rd7 Rf7 43.Rd8 Qh1 44.Ka2 Qxe4 45.Qxe4 Nxe4 46.Nh2 Nxc3+
{0-1, Fatzer Ernst (SUI) 2114 - Rukavina Josip (CRO) 2377, Basel (Switzerland) 2007.01.03}
) 8.h3 e5 9.d5 Nd4 10.Nxd4 exd4 11.Ne2 Qe7 12.f3 d3 13.cxd3 Bd7
14.Qb4 O-O 15.g3 Rab8 16.d4 c6 17.dxc6 bxc6 18.Qd2 c5 19.Rd1
Bb5 20.b3 Bxe2 21.Bxe2 Bxd4 22.Qxh6 Qf6 23.Kf1 Rfe8 24.Kg2 Re5
25.Qf4 Qxf4 26.gxf4 Rh5 27.h4 Kg7 28.Bc4 Rbh8 29.Kg3 Kf6 30.Bd5
Ke7 31.Bc4 Bf6 32.Rd5 Rxh4 33.Rxh4 Bxh4+ 34.Kg2 Be1 35.e5 Rd8
36.exd6+ Rxd6 37.Rxd6 Kxd6 38.Bxf7 Bd2 39.Kg3 g5 40.fxg5 Bxg5
41.Kg4 Bf6 42.Kf5 Ke7 43.Bd5 a5 44.a4 Bd4 45.Ke4 Kf6 46.f4 Bf2
47.f5 Be1 48.Be6 Bf2 49.Kd5 Be1 50.Kxc5 Bd2 51.Bd7 1/2-1/2

[Event "Washington Open Championship"]
[Site "Seattle, WA"]
[Date "2013.05.27"]
[Round "6"]
[White "Zhang Eric  (WA)"]
[Black "Anthony Ralph  (WA)"]
[Result "0-1"]
[WhiteElo "1439"]
[BlackElo "1617"]
[Annotator ""]
[Source ""]
[Remark "Reserve"]

1.d4 Nf6 2.c4 c5 3.d5 b5 4.cxb5 a6 5.bxa6 Bxa6 6.Nc3 d6 7.e4
Bxf1 8.Kxf1 g6 9.g3 Bg7 10.Kg2 Nbd7 11.Nf3 O-O 12.Re1 Ng4 13.h3
( 13.Nd2 ) Nge5 14.Bf4 Qa5 15.Nxe5 Nxe5 16.Bxe5 Bxe5 17.Qc2 Rfb8
18.f4 Rxb2 ( 18...Bd4 19.Reb1 Bxc3 20.bxc3 Rxb1 21.Rxb1 Qxa2
22.Qxa2 Rxa2+ 23.Kf3 Ra3 24.Rc1 e6 25.Rc2 Kf8 26.dxe6 fxe6 27.Kg4
d5 28.exd5 exd5 29.Rd2 Rxc3 30.Rxd5 Ke7 31.Kh4 Ke6 32.Rd8 c4
33.Rc8 Kd5 34.Rc7 h6 35.Rg7 g5+ 36.fxg5 hxg5+ 37.Rxg5+ Kd4 38.Rg8
Rb3 39.g4 c3 40.Rd8+ Kc4 41.g5 Rb5 42.g6 c2 43.g7 c1Q 44.Rc8+
Rc5 45.g8Q+ Kb4 46.Qg4+ Rc4 47.Rxc4+ Qxc4 48.Qxc4+ Kxc4 49.Kg5
Kd5 50.Kg6 Ke6 51.h4 Ke7 52.Kg7 {1-0, Hannoteaux Dominique - Rabier J, Meudon (France) 1992}
) 19.Qxb2 Bxc3 20.Qe2 Bxe1 21.Qxe1 Qxe1 22.Rxe1 Rxa2+ 23.Kf3
Ra3+ 24.Kg4 h5+ 25.Kh4 Rd3 26.Re2 c4 27.Ra2 Re3 28.Ra8+ Kg7 29.Rc8
Rxe4 30.Rc7 Kh6 31.g4 Rxf4 32.Rxe7 g5+ 33.Kg3 h4+ 0-1

[Event "Washington Open Championship"]
[Site "Seattle, WA"]
[Date "2013.05.27"]
[Round "6"]
[White "Lomboy Gilbert  (WA)"]
[Black "Ruan Evan  (WA)"]
[Result "1-0"]
[WhiteElo "1558"]
[BlackElo "1229"]
[Annotator ""]
[Source ""]
[Remark "Booster"]

1.e4 c5 2.Nf3 e6 3.c4 Nc6 4.Nc3 d6 5.Be2 Nf6 6.a3 b6 7.O-O Be7
8.Re1 O-O 9.d4 cxd4 10.Nxd4 Bb7 11.Be3 Rc8 12.Rc1 Ne5 13.Bg5
Nxc4 14.Qb3 Ne5 15.f3 h6 16.Be3 Ned7 17.Qd1 Ne5 18.Qb3 d5 19.Rcd1
Qe8 20.f4 Nc4 21.Bf2 Na5 22.Qb5 Nxe4 23.Qxe8 Rfxe8 24.Bb5 Red8
25.Nxe4 dxe4 26.Rc1 Rxc1 27.Rxc1 Bf6 28.b4 Bxd4 29.bxa5 Bxf2+
30.Kxf2 Rd5 31.a6 Bxa6 32.Bxa6 Ra5 33.Bb7 Rxa3 34.Bxe4 a5 35.Rb1
Ra4 36.Ke3 f5 37.Bf3 Ra3+ 38.Kd4 Ra4+ 39.Ke5 Kf7 40.Rxb6 Rb4
41.Rxe6 Rb5+ 42.Bd5 Kf8 43.Ra6 g5 44.Kf6 Rb8 45.fxg5 hxg5 46.Kxf5
Rb5 47.Kf6 Rb8 48.Rxa5 Ke8 49.Ra8 Rxa8 50.Bxa8 g4 51.h4 gxh3
52.gxh3 Kf8 53.Bd5 Ke8 54.h4 Kf8 55.h5 Ke8 56.h6 Kd7 57.h7 Kd6
58.Be6 Kc5 59.h8Q 1-0

[Event "Washington Open Championship"]
[Site "Seattle, WA"]
[Date "2013.05.27"]
[Round "6"]
[White "Bartron Paul  (WA)"]
[Black "Zhang Derek  (WA)"]
[Result "1-0"]
[WhiteElo "2139"]
[BlackElo "1871"]
[Annotator ""]
[Source ""]
[Remark "Open"]

1.e4 e6 2.d4 d5 3.Nc3 Bb4 4.e5 c5 5.Bd2 a6 6.a3 Bxc3 7.Bxc3 Nc6
8.dxc5 d4 9.Bd2 Qd5 10.Nf3 Nxe5 11.Be2 Nxf3+ 12.Bxf3 Qxc5 13.O-O
Nf6 14.Bb4 Qb6 15.Qd3 a5 16.Bd2 O-O 17.Rfe1 Bd7 18.Bg5 Bb5 19.Qb3
Nd7 20.a4 Bc6 21.Qxb6 Nxb6 22.Bxc6 bxc6 23.Be7 Rfc8 24.Bc5 Nd5
25.Bxd4 Nb4 26.Re2 c5 27.Bc3 Rd8 28.Kf1 Rd5 29.Rd2 Rad8 30.Rad1
f6 31.Bxb4 cxb4 32.Rxd5 Rxd5 33.Rxd5 exd5 34.Ke2 Kf7 35.Kd3 Ke6
36.c3 bxc3 37.Kxc3 Kd6 38.b4 axb4+ 39.Kxb4 Kc6 40.a5 h6 41.h3
h5 42.a6 Kb6 43.a7 Kxa7 44.Kc5 Ka6 45.Kxd5 Kb5 46.Ke6 1-0

[Event "Washington Open Championship"]
[Site "Seattle, WA"]
[Date "2013.05.27"]
[Round "6"]
[White "Allen Robert  (WA)"]
[Black "Raffel Brian  (WA)"]
[Result "1-0"]
[WhiteElo "1705"]
[BlackElo "1478"]
[Annotator ""]
[Source ""]
[Remark "Open"]

1.d4 Nf6 2.c4 g6 3.Nc3 d5 4.cxd5 Nxd5 5.e4 Nxc3 6.bxc3 Bg7 7.Bc4
c5 8.Be3 Nc6 9.Ne2 cxd4 10.cxd4 O-O 11.O-O Bg4 12.f3 Bd7 13.Rb1
Na5 14.Bd3 Rc8 15.Rc1 Be6 16.d5 Bd7 ( 16...Rxc1 17.Qxc1 b6 18.Qc2
Bc8 19.Rc1 e6 20.Nf4 exd5 21.Nxd5 Bb7 22.Qc7 Bxd5 23.Qxd8 Rxd8
24.exd5 f5 25.Ba6 Rxd5 26.Rc8+ Kf7 27.Rc7+ Kf8 28.Rxa7 Bd4 29.Kf2
f4 30.Bxd4 Rxd4 31.Rxh7 Rd2+ 32.Kg1 Rxa2 33.h4 Nc6 34.Bd3 Ne5
35.Be4 Ra1+ 36.Kh2 Rd1 37.h5 g5 38.g4 Rd4 39.Bb7 Nf7 40.Bc8 Rd6
41.Bf5 b5 42.Kg2 b4 43.Bg6 Nd8 44.Ra7 b3 45.Ra8 Rd2+ 46.Kf1 Ke7
47.Rb8 b2 48.Ke1 Rh2 49.Kd1 Nc6 50.Rb7+ Kd6 51.Be4 Na5 52.Rb8
Nc4 53.h6 Rxh6 54.Kc2 Rh2+ 55.Kc3 Ne3 56.Kd4 Nc2+ 57.Bxc2 Rxc2
58.Ke4 Kc7 59.Rb3 Kd6 60.Kf5 Rc5+ 61.Kf6 {1/2-1/2, Deues Erik (GER) 2100 - Gschwendtner Stanislav (CZE) 2161, Germany 2002}
) 17.Bxa7 Bh6 18.Rb1 Nc4 19.Bxc4 Rxc4 20.Rxb7 Ra4 21.Qb3 Ra6
22.Bb6 Qc8 23.Rc7 Qe8 24.Rb1 Ba4 25.Qd3 Qa8 26.Rxe7 Rc8 27.Rc7
Rb8 28.Bc5 Ra5 29.Bb6 Ra6 30.Qd4 Be8 31.Nc3 Ra3 32.d6 Ba4 33.Qf6
Rf8 34.Bd4 1-0

[Event "Washington Open Championship"]
[Site "Seattle, WA"]
[Date "2013.05.27"]
[Round "6"]
[White "Robeal Rafik  (WA)"]
[Black "Yang Jason  (WA)"]
[Result "0-1"]
[WhiteElo "1572"]
[BlackElo "1700"]
[Annotator ""]
[Source ""]
[Remark "Open"]

1.e4 e6 2.d4 d5 3.e5 c5 4.c3 Nc6 5.Bb5 Qb6 6.Bxc6+ bxc6 7.Ne2
Ba6 8.O-O Bxe2 9.Qxe2 cxd4 10.cxd4 Qxd4 11.Nc3 Ne7
( 11...Bb4 12.Rd1 Qb6 13.Be3 Qc7 14.f4 Ne7 15.g4 O-O 16.Rac1
Qb7 17.Na4 Rab8 18.a3 Ba5 19.Bc5 Rfe8 20.b4 Bb6 21.Nxb6 axb6
22.Bd6 Ra8 23.Qc2 Rxa3 24.Bxe7 Qxe7 25.Qxc6 Rf8 26.Rd4 Ra2 27.Rc2
Ra1+ 28.Rc1 Ra2 29.Rc2 Ra1+ 30.Rc1 Ra6 31.g5 Qa7 32.b5 Ra2 33.Qc3
Ra3 34.Qb2 Ra8 35.Rd2 Qa4 36.Rd4 Qa7 37.Rd3 Rxd3 {0-1, Opolski W - Skrzypczak M, Poznan (Poland) 1995}
) 12.Rd1 Qb6 13.Be3 Qc7 14.f4 Nf5 15.Bf2 Bb4 16.Rac1 O-O 17.g4
Ne7 18.a3 Ba5 19.Nb5 Qd7 20.Nd6 Bb6 21.Rc2 Bxf2+ 22.Qxf2 f6 23.Qh4
Ng6 24.Qg3 fxe5 25.fxe5 Rf4 26.Rdc1 Raf8 27.Re1 Rf3 28.Qg2 Nh4
29.Qe2 R8f4 30.Kh1 Rxg4 31.Rf1 Rxf1+ 32.Qxf1 Ng6 33.Rf2 h6 34.Rf7
Qd8 35.Nb7 Qg5 36.Nc5 Rf4 37.Rxf4 Qxf4 38.Qd1 Qxe5 39.b4 d4 40.Qa4
Nf4 0-1

[Event "Washington Open Championship"]
[Site "Seattle, WA"]
[Date "2013.05.27"]
[Round "6"]
[White "Tiglon Bryce  (WA)"]
[Black "Bragg David  (WA)"]
[Result "1-0"]
[WhiteElo "2113"]
[BlackElo "2212"]
[Annotator ""]
[Source ""]
[Remark "Open"]

1.e4 c5 2.Nf3 d6 3.d4 cxd4 4.Qxd4 Nc6 5.Bb5 Qa5+ 6.Nc3 Qxb5 7.Nxb5
Nxd4 8.Nfxd4 Kd8 9.c4 Nf6 10.f3 a6 11.Nc3 e6 12.Nde2 Bd7 13.a4
Rc8 14.b3 Bc6 15.Be3 Be7 16.O-O Kc7 17.Rfd1 Rhg8 18.Rac1 g5 19.Nd5+
exd5 20.cxd5 g4 21.Kf2 gxf3 22.gxf3 Nd7 23.dxc6 bxc6 24.Nd4 Bh4+
25.Kf1 Ne5 26.Bf4 Bf6 27.Bxe5 Bxe5 28.Nxc6 Kb7 29.Nxe5 Rxc1 30.Rxc1
dxe5 31.Kf2 Kb6 32.b4 f6 33.Rc5 Rg6 34.h3 h5 35.Rc8 f5 36.Re8
fxe4 37.Rxe5 exf3 38.Rxh5 Rf6 39.Rh4 Kc6 40.Rd4 Rf8 41.h4 Rf5
42.Rg4 Rf6 43.h5 Rf5 44.Rh4 Rf7 45.h6 Rh7 46.Rh5 1-0

[Event "Washington Open Championship"]
[Site "Seattle, WA"]
[Date "2013.05.27"]
[Round "6"]
[White "Bond Robert  (WA)"]
[Black "Puri Ankush  (WA)"]
[Result "1-0"]
[WhiteElo "1954"]
[BlackElo "1682"]
[Annotator ""]
[Source ""]
[Remark "Premier"]

1.d4 g6 2.Nf3 Bg7 3.h3 d6 4.Bf4 Nd7 5.e3 b6 6.Be2 Bb7 7.O-O e6
8.c4 Ne7 9.Nc3 O-O 10.Qd2 Nf6 11.Rfd1 Qd7 12.Rac1 Rfd8 13.Qc2
Rac8 14.e4 Nh5 15.Be3 c6 16.e5 Bh8 17.g4 Ng7 18.exd6 Qxd6 19.Ne4
Qc7 20.Nf6+ Kf8 21.Nxh7+ Kg8 22.Nf6+ Kf8 23.Ng5 Ne8 24.Ngh7+
Kg7 25.Nxe8+ Rxe8 26.Ng5 Ng8 27.c5 f5 28.Bc4 Qd7 29.Bf4 Nf6 30.Be5
Kf8 31.Qb3 Ra8 32.Nxe6+ Rxe6 33.Bxe6 Qh7 34.Bxf6 Bxf6 35.gxf5
gxf5 36.Qf3 Qg6+ 37.Qg3 Bg5 38.h4 Qxe6 39.hxg5 Rd8 40.Qe5 Qg6
41.f4 Re8 42.Qd6+ Qxd6 43.cxd6 Re6 44.d5 Rxd6 45.dxc6 Rxd1+ 46.Rxd1
Bxc6 47.Kf2 Ke7 48.Ke3 Ke6 49.Kd4 Bd5 50.a3 Bb3 51.Rh1 Kd6 52.Rh6+
Be6 53.Rf6 b5 54.Rh6 a5 55.Rf6 a4 56.Rh6 Ke7 57.Ke5 Bd7 58.Rf6 1-0

[Event "Washington Open Championship"]
[Site "Seattle, WA"]
[Date "2013.05.27"]
[Round "6"]
[White "Sehgal Rahul  (WA)"]
[Black "Tan Alan  (WA)"]
[Result "1-0"]
[WhiteElo "1387"]
[BlackElo "1490"]
[Annotator ""]
[Source ""]
[Remark "Reserve"]

1.e4 c6 2.d4 d5 3.exd5 cxd5 4.Nf3 Nf6 5.Nc3 Bg4 6.Bb5+ Nc6 7.h3
Bh5 8.g4 Bg6 9.Ne5 Rc8 10.g5 Ne4 11.Nxe4 Bxe4 12.f3 Bf5 13.c4
a6 14.Ba4 e6 15.Qb3 Qc7 16.cxd5 b5 17.dxc6 bxa4 18.Qb7 Bd6 19.Qxc7
Rxc7 20.Bf4 f6 21.gxf6 gxf6 22.Ng6 Bxf4 23.Nxf4 Rxc6 24.Rh2 Rg8
25.Rg2 Rxg2 26.Nxg2 Bxh3 27.Ne3 Rd6 28.Ke2 Rxd4 29.Rh1 Bf5 30.Nxf5
exf5 31.Rxh7 Rd6 32.Rh5 Re6+ 33.Kd3 Re5 34.f4 Rb5 35.Kc3 a5 36.Rh7
Rb4 37.Ra7 Rxf4 38.Rxa5 Kf7 39.b4 axb3 40.axb3 Kg6 41.b4 Re4
42.b5 f4 43.b6 Re6 44.b7 Rb6 45.Ra7 Kg5 46.Kc4 f3 47.Kc5 Rb1
48.Ra3 Kg4 49.Ra4+ Kg3 50.Rb4 Rxb4 51.Kxb4 f2 52.b8Q+ Kg2 53.Qg8+
Kf3 54.Qd5+ Ke2 55.Qe4+ Kd1 56.Qf3+ Ke1 57.Qe3+ Kf1 58.Kc3 Kg2
59.Qe4+ Kg1 60.Qg4+ Kh2 61.Qf3 Kg1 62.Qg3+ Kf1 63.Kd3 Ke1 64.Qe3+
Kf1 65.Qh3+ Ke1 66.Qe3+ Kf1 67.Ke4 Kg2 68.Qf3+ Kg1 69.Qg3+ Kh1
70.Qxf2 1-0